La década infame y un error de la U.C.R. : 1935 /

Guardado en:
Autor Principal: Giacobone, Carlos Alberto.
Formato: Libro
Idioma:Spanish
Publicado: Buenos Aires : Instituto de Investigaciones Históricas Cruz del Sur, 2003.
Materias:
Etiquetas: Agregar Etiqueta
Sin Etiquetas, Sea el primero en etiquetar este registro!
LEADER 00786nam a22002175a 4500
001 EUN.eunm000310
005 20041018151324.0
008 041018s2003####ag#######b####000#0#spa#d
020 |a 9872083800 
082 0 4 |a 329.982  |2 15 
082 0 4 |a 982.06  |2 15 
100 1 |a Giacobone, Carlos Alberto. 
245 1 3 |a La década infame y un error de la U.C.R. :  |b 1935 /  |c Carlos Alberto Giacobone ; prólogo por Edit Rosalía Gallo. 
260 |a Buenos Aires :  |b Instituto de Investigaciones Históricas Cruz del Sur,  |c 2003. 
300 |a 133 p. ;  |c 23 cm. 
504 |a Incluye bibliografía. 
610 2 7 |a Unión Cívica Radical. 
650 7 |a Partidos políticos.  |2 Unbis 
650 7 |a Historia.  |2 Unbis 
651 7 |a Argentina.  |2 Unbis 
859 |a AR-BaUNS  |b BIB. CENTRAL - Sector A  |h 329.982  |i G346-2  |p 114725/004